Random Album Covers - Statistics

General Stats
  • This quiz has been taken 86 times
  • The average score is 4 of 18
Answer Stats
Picture Hint Answer % Correct
21
71%
Thriller
70%
Taylor Swift 1989
68%
The Miseducation of Lauryn Hill
47%
Songs in the Key of Life
42%
Doo-wops & Hooligans
25%
Let Go
18%
Maroon 5 Memories
16%
Backstreet Boys Millennium
16%
Music of the Sun
13%
Phil Collins Face Value
11%
No Strings Attached
9%
Nine Track Mind
6%
Contra
5%
Rokstarr
5%
Hard Candy
1%
Be Not Nobody
0%
Year 3000
0%
No matching quizzes found
Score Distribution
Percent of People with Each Score
Percentile by Number Answered
Your Score History
You have not taken this quiz